000
00234nam a22000857a 4500
008
161219b xxu||||| |||| 00| 0 eng d
100
_9
2120
_a
Srivastava.M
245
_a
Titoo and the Frie works
260
_a
New Delhi
_b
Chilren Book Trust
_c
2011
999
_c
5003
_d
5003